Understanding Computers. (3rd ed.) (Record no. 60676)

MARC details
000 -LEADER
fixed length control field 00580nam a2200169 a 4500
008 - FIXED-LENGTH DATA ELEMENTS--GENERAL INFORMATION
fixed length control field 120416s1990 ||||||||||||||||| || u
020 ## - INTERNATIONAL STANDARD BOOK NUMBER
International Standard Book Number 0314665900
050 ## - LIBRARY OF CONGRESS CALL NUMBER
Classification number QA 76.5 Hop
100 ## - MAIN ENTRY--PERSONAL NAME
Personal name Hopper, Grace Murray
245 10 - TITLE STATEMENT
Title Understanding Computers. (3rd ed.)
250 ## - EDITION STATEMENT
Edition statement 3rd. ed.
260 ## - PUBLICATION, DISTRIBUTION, ETC.
Place of publication, distribution, etc. St. Paul :
Name of publisher, distributor, etc. West Publishing
Date of publication, distribution, etc. 1990
300 ## - PHYSICAL DESCRIPTION
Extent xxiv, 578p. : ill
350 ## - PRICE (NR) (BK AM CF MU VM SE) [OBSOLETE]
Price 0.00
650 ## - SUBJECT ADDED ENTRY--TOPICAL TERM
Topical term or geographic name entry element ELECTRONIC DIGITAL COMPUTERS
995 ## - RECOMMENDATION 995 [LOCAL, UNIMARC FRANCE]
-- 0.00
-- CBU-MAIN LIBRARY (Kitwe)
-- 1
-- 15.95
-- 1
-- DAMAGED
-- Main Library Open Access Collection
Holdings
Withdrawn status Lost status Source of classification or shelving scheme Damaged status Not for loan Home library Current library Shelving location Date acquired Total Checkouts Full call number Barcode Date last seen Price effective from Koha item type
          CBU-MAIN LIBRARY, KITWE. CBU-MAIN LIBRARY, KITWE.   11/30/2022   QA 76.5 Hop 008119 11/30/2022 11/30/2022 MONOGRAPH